| 000 | 00400nam a2200133Ia 4500 | ||
|---|---|---|---|
| 008 | 230222s9999||||xx |||||||||||||| ||und|| | ||
| 020 | _a0-07-245007-x | ||
| 040 | _cChuka University Library | ||
| 050 |
_aBSL TP 155.7 _bD38 2003 |
||
| 100 |
_aDavis, Mark E. and Robert J. Davis _96635 |
||
| 245 | 0 | _aFundamentals of chemical reaction engineering | |
| 260 |
_aMcgraw Hill _bBoston _c2003 |
||
| 942 | _cBK | ||
| 999 |
_c11311 _d11311 |
||